000 01031nam a2200277 i 4500
005 20220317000808.0
008 160601s1991 ck a gs 000 0 spa d
020 _a9589177018
040 _aCO-BoRNBP
_bspa
_cCO-BoRNBP
_erda
041 0 _aspa
082 0 4 _a025.1974
_bM17m
100 1 _aMartínez Caceres, Lucila
_eautora
245 1 0 _aMarketing cultural y biblioteca pública
_bestrategias de gerencia creativa
_cLucila Martínez Cáceres ; ilustraciones Gian Calvi
250 _aPrimera edición
264 1 _aBogotá
_bColcultura. Biblioteca Nacional de Colombia
_c1991
300 _a71 páginas
_bilustraciones
_c24 cm
336 _atexto
_btxt
_2rdacontent
337 _asin mediación
_bn
_2rdamedia
338 _avolumen
_bnc
_2rdacarrier
490 _aBiblioteca Nacional de Colombia
650 1 4 _aAdministración de bibliotecas
_2LEMB
650 1 4 _aServicios bibliotecarios
_2LEMB
650 1 4 _aComunicación en administración de bibliotecas
_2LEMB
700 1 _aCalvi, Gian
_eilustrador
_9128055
942 _2ddc
_cBK
999 _c5076
_d5076